000 00484nam a22001577a 4500
999 _c10491
_d10491
003 GBCCL
005 20241126110733.0
008 240814b ||||| |||| 00| 0 eng d
040 _cgbc
082 _aARC GBC-2023
_bTHA
100 _aThanglunmang, Elson
_918265
245 _aA critical evaluation of N.T Wright's understanding of the imputation of God's righteousness in believers
260 _aNew Lamka :
_bGrace Bible college,
_c2023
300 _a56p. ;
_c28cm
942 _2ddc
_cTH